| 000 | 00984nam a2200241 a 4500 | ||
|---|---|---|---|
| 001 | 54608 | ||
| 003 | BD-RjUL | ||
| 005 | 20211209080138.0 | ||
| 008 | 161108s1958 ii ||||| |||| 00| 0 ben d | ||
| 020 | _c: Tk. 15.00 | ||
| 035 | _a(BD-RjUL)54730 | ||
| 040 |
_aBD-RjUL _bben _cBD-RjUL |
||
| 041 | _aben | ||
| 082 |
_223 _a891.21 _bPRA 1958 |
||
| 245 | 0 | 0 |
_aপ্রাচীন কবিওয়ালার গান / _cপ্রফুল্লচন্দ্র পাল সম্পাদিত |
| 260 |
_aকলিকাতা : _bকলিকাতা বিশ্ববিদ্যালয়, _c১৯৫৮ |
||
| 300 |
_a[১১২], ৫৬৫ পৃ. ; _c২৪ সেমি. |
||
| 504 | _aগ্রন্থপঞ্জি সংযুক্ত | ||
| 650 |
_aসংস্কৃত কবিতা _9162876 |
||
| 650 |
_aSanskrit Poetry _9162877 |
||
| 700 |
_aপাল, প্রফুল্লচন্দ্র, সম্পাদক _9158988 |
||
| 942 |
_2ddc _cBK |
||
| 999 |
_c54608 _d54608 |
||